Fenntarthatóság, SNA és globális átrendeződés a 21. Században
| Szerzők: | |
|---|---|
| Dokumentumtípus: | Könyv része |
| Megjelent: |
Budapesti Gazdaságtudományi Egyetem
Budapest
2026
|
| Sorozat: | Researchers’ Day Conference Proceedings – Budapest University of Economics and Business 2025
|
| Tárgyszavak: | |
| doi: | 10.29180/978-615-6886-26-2_3 |
| Kulcsszavak: | Fenntarthatóság Nemzeti Számlák Rendszere (SNA 2025) GDP és NDP Adatvagyon Digitális gazdaság Globalizáció Multinacionális vállalatok Jólétmérés GDP-n túli mutatók |
| Online Access: | http://publikaciotar.uni-bge.hu/2625 |
MARC
| LEADER | 00000naa a2200000 i 4500 | ||
|---|---|---|---|
| 001 | publ2625 | ||
| 005 | 20260325081915.0 | ||
| 008 | 260324s2026 hu o 000 zxx d | ||
| 020 | |a 978-615-6886-26-2 | ||
| 024 | |a 10.29180/978-615-6886-26-2_3 |2 doi | ||
| 040 | |a BGE Publikációtár Repozitórium |b hun | ||
| 100 | 1 | |a Csongrádi Gyöngyi | |
| 245 | 1 | 0 | |a Fenntarthatóság, SNA és globális átrendeződés a 21. Században |c Csongrádi Gyöngyi |h [elektronikus dokumentum] |
| 260 | |a Budapesti Gazdaságtudományi Egyetem |b Budapest |c 2026 | ||
| 300 | |a 1-9 | ||
| 490 | 0 | |a Researchers’ Day Conference Proceedings – Budapest University of Economics and Business 2025 | |
| 520 | 3 | |a A 21. század globális átalakulásai – a klímaválság, a digitalizáció és a geopolitikai feszültségek – alapjaiban kérdőjelezik meg a gazdasági teljesítmény mérésének hagyományos eszközeit. A Nemzeti Számlák Rendszerének (System of National Accounts, SNA) 2025-ös felülvizsgálata a második világháború utáni időszak óta a legjelentősebb reformot képviseli, amelynek célja a statisztikai keretrendszer relevanciájának megőrzése. A tanulmány három fő dimenzió mentén elemzi a változtatásokat: a fenntarthatóság, a digitalizáció és a globalizáció kihívásainak kezelését. Az SNA 2025 újdonsága, hogy a természeti erőforrások kimerülését termelési költségként számolja el, a megújuló energiát és az adatvagyont pedig eszközként ismeri el, miközben részletesebb bontásokat vezet be a multinacionális vállalatok hatásainak vizsgálatára. Ezek a lépések elősegítik a nettó mutatók (pl. NDP) előtérbe kerülését, valamint pontosabb képet adnak a digitális gazdaságról és a globális értékláncokról. Ugyanakkor a reform korlátai is világosak: továbbra sem képes megragadni a nem piaci értékeket, a társadalmi jólét dimenzióit és az ökológiai korlátokat. Az összevetés alternatív keretrendszerekkel – például a GPI-val, az OECD Jobb Élet Indexével vagy a fánk-gazdaságtannal – rámutat, hogy az SNA 2025 inkább evolúciós lépés, semmint forradalmi paradigmaváltás. Következtetésünk szerint a reform egy szükséges és előremutató modernizáció, amely megerősíti a nemzeti számlák szerepét, ugyanakkor csak egy elemét képezheti annak a többdimenziós mérési eszköztárnak, amelyre a 21. század komplex kihívásai közepette szükség van. | |
| 650 | 4 | |a regionális tudományok | |
| 695 | |a Fenntarthatóság | ||
| 695 | |a Nemzeti Számlák Rendszere (SNA 2025) | ||
| 695 | |a GDP és NDP | ||
| 695 | |a Adatvagyon | ||
| 695 | |a Digitális gazdaság | ||
| 695 | |a Globalizáció | ||
| 695 | |a Multinacionális vállalatok | ||
| 695 | |a Jólétmérés | ||
| 695 | |a GDP-n túli mutatók | ||
| 700 | 1 | |a Honvári János |e aut | |
| 856 | 4 | 0 | |u https://publikaciotar.uni-bge.hu/id/eprint/2625/1/KUTAT%C3%93I%20NAP%202025%20-%20Full%20edition%20%28revised%29_3%20cikk.pdf |z Dokumentum-elérés |